Engineeing Mechanics (Record no. 12270)

MARC details
000 -LEADER
fixed length control field 00367nam a22001577a 4500
003 - CONTROL NUMBER IDENTIFIER
control field OSt
008 - FIXED-LENGTH DATA ELEMENTS--GENERAL INFORMATION
fixed length control field 240323b |||||||| |||| 00| 0 eng d
020 ## - INTERNATIONAL STANDARD BOOK NUMBER
International Standard Book Number 9788182093942
082 ## - DEWEY DECIMAL CLASSIFICATION NUMBER
Classification number 620.1 BAE
100 ## - MAIN ENTRY--PERSONAL NAME
Personal name BALASUBRAMANIAN,TV
245 ## - TITLE STATEMENT
Title Engineeing Mechanics
260 ## - PUBLICATION, DISTRIBUTION, ETC. (IMPRINT)
Place of publication, distribution, etc Chennai
Name of publisher, distributor, etc Vijay Nicole
Date of publication, distribution, etc 2016
300 ## - PHYSICAL DESCRIPTION
Extent 509
700 ## - ADDED ENTRY--PERSONAL NAME
Personal name MURUGAN,R
942 ## - ADDED ENTRY ELEMENTS (KOHA)
Source of classification or shelving scheme Dewey Decimal Classification
Koha item type Reference Books
Holdings
Withdrawn status Lost status Source of classification or shelving scheme Damaged status Not for loan Collection code Home library Current library Date acquired Source of acquisition Currency Cost, normal purchase price Bill Number Total Checkouts Full call number Acc. no. / Barcode Date last seen Actual Cost, discounted price Bill Date Koha item type Public note
    Dewey Decimal Classification     B.Tech(CE) PIET C-LIBRARY PIET C-LIBRARY 06/03/2024 Raghav Books Private Limited In rupees 595.00 1574   620.1 BAE 35595 23/03/2024 416.50 06/03/2024 Reference Books Decentralisation

Design & Developed by: PIET Central Library
R70 Miles Stone Pattikalyana Samalkha Panipat 132102
mail ID :- [email protected], Phone No:- 0180-2569700 Ex.216